[Event "TCh-TUR Super League 2019"]
[Site "Konya TUR"]
[Date "2019.07.17"]
[Round "1.1"]
[White "Ivanchuk,V"]
[Black "Iljiushenok,I"]
[Result "0-1"]
[WhiteElo "2684"]
[BlackElo "2520"]

1.d4 Nf6 2.c4 g6 3.Nf3 Bg7 4.g3 O-O 5.Bg2 d6 6.Nc3 Nc6 7.O-O a6 8.Bf4 Rb8
9.Rc1 h6 10.h4 Ng4 11.d5 e5 12.dxe6 fxe6 13.b3 e5 14.Bd2 Bf5 15.Ne1 Qd7 16.Bd5+ Be6
17.Bg2 Rf7 18.Nc2 Rbf8 19.f3 Nf6 20.e4 Nh5 21.Kh2 Qd8 22.Ne2 g5 23.g4 Nf4
24.h5 Nxg2 25.Kxg2 Bxg4 26.fxg4 Rxf1 27.Qxf1 Rxf1 28.Rxf1 Nd4 29.Nexd4 exd4
30.Rf5 c6 31.Nb4 Qe8 32.Kf3 Qe6 33.Bc1 Be5 34.Nd3 c5 35.Bd2 b5 36.Nb2 d3
37.Nxd3 bxc4 38.Nxe5 dxe5 39.bxc4 Qxc4 40.Be3 Qf1+ 41.Kg3 Qe1+ 42.Kf3 Qd1+
43.Kg3 c4 44.Rf6 Qe1+ 45.Kf3 Qf1+ 46.Kg3 Qxf6  0-1

[Event "TCh-TUR Super League 2019"]
[Site "Konya TUR"]
[Date "2019.07.18"]
[Round "2.7"]
[White "Ivanchuk,V"]
[Black "Alekseenko,K"]
[Result "1/2-1/2"]
[WhiteElo "2684"]
[BlackElo "2650"]

1.c4 e5 2.g3 Nc6 3.Bg2 g6 4.Nc3 Bg7 5.Rb1 a5 6.a3 d6 7.b4 axb4 8.axb4 f5
9.b5 Nd4 10.e3 Ne6 11.Nge2 Nf6 12.d3 O-O 13.O-O h5 14.Nd5 Ng4 15.f3 Nh6 16.Bd2 Bd7
17.Bc3 h4 18.Qd2 hxg3 19.hxg3 Qg5 20.Rf2 Qh5 21.Bh1 g5 22.Rh2 Qf7 23.d4 c6
24.Nb6 Rad8 25.Nxd7 Rxd7 26.Bg2 c5 27.d5 Nc7 28.Rf1 Qg6 29.Qc2 g4 30.f4 e4
31.Kf2 Ne8 32.Ra1 Nf6 33.Nc1 b6 34.Nb3 Nf7 35.Bf1 Rb8 36.Be2 Re7 37.Rhh1 Ne8
38.Ra2 Bxc3 39.Qxc3 Qg7 40.Qxg7+  1/2-1/2

[Event "TCh-TUR Super League 2019"]
[Site "Konya TUR"]
[Date "2019.07.19"]
[Round "3.2"]
[White "Demchenko,A"]
[Black "Ivanchuk,V"]
[Result "1/2-1/2"]
[WhiteElo "2665"]
[BlackElo "2684"]

1.e4 c5 2.Nf3 d6 3.Bb5+ Bd7 4.Bxd7+ Nxd7 5.O-O Ngf6 6.Re1 Rc8 7.b3 g6 8.Bb2 Bg7
9.c4 e5 10.Nc3 O-O 11.d3 Bh6 12.a3 Nb8 13.b4 Nc6 14.Nd5 Nxd5 15.exd5 Nd4
16.bxc5 Nxf3+ 17.Qxf3 Rxc5 18.a4 f5 19.Qe2 Rc7 20.Rab1 Re8 21.f3 Rce7 22.Bc3 Bg7
23.Bd2 Qc8 24.Be3 b6 25.Rec1 Qa6 26.Qa2 h5 27.a5 Kh7 28.Rc2 bxa5 29.Rb5 Bh6
30.Bxh6 Kxh6 31.Qxa5 Qxa5 32.Rxa5 e4 33.dxe4 fxe4 34.fxe4 Rxe4 35.Rxa7 Rc8
36.Ra6 Rcxc4 37.Rxc4 Rxc4 38.h3 Rd4 39.Rxd6 Rd2 40.Rd8 Kg7 41.d6 Kf7 42.d7 Rd6
43.Kf2 Ke7 44.Rg8 Kxd7 45.Rg7+  1/2-1/2

[Event "TCh-TUR Super League 2019"]
[Site "Konya TUR"]
[Date "2019.07.21"]
[Round "5.3"]
[White "Kuzubov,Y"]
[Black "Ivanchuk,V"]
[Result "1/2-1/2"]
[WhiteElo "2671"]
[BlackElo "2684"]

1.d4 Nf6 2.Bf4 d6 3.Nc3 Nbd7 4.Nf3 c6 5.e4 Qa5 6.e5 Ne4 7.e6 fxe6 8.Bd3 e5
9.dxe5 Nxc3 10.bxc3 Nxe5 11.Bxe5 dxe5 12.O-O g6 13.Re1 Bg7 14.Ng5 e4 15.Nxe4 O-O
16.h4 Kh8 17.Rb1 Rb8 18.Qe2 Qe5 19.Ng5 Qxe2 20.Rxe2 Bf6 21.g3 b6 22.Ne6 Bxe6
23.Rxe6 c5 24.c4 Bd4 25.Rf1 Rf3 26.Rxe7 Rbf8 27.Re2 Rxg3+ 28.Kh2 Rg4 29.f4 Bf6
30.h5 gxh5 31.Bf5 Rg7 32.Be6 Bd4 33.Kh3 Rf6 34.Bd5 Rd7 35.Kh4 Kg7 36.Kxh5  1/2-1/2

[Event "TCh-TUR Super League 2019"]
[Site "Konya TUR"]
[Date "2019.07.23"]
[Round "7.4"]
[White "Moiseenko,Va"]
[Black "Ivanchuk,V"]
[Result "0-1"]
[WhiteElo "2523"]
[BlackElo "2684"]

1.e4 e5 2.Nf3 Nc6 3.Bc4 Bc5 4.d3 d6 5.Ng5 Nh6 6.c3 O-O 7.h3 Kh8 8.g4 Be6
9.Bb3 Bxb3 10.axb3 a5 11.Na3 Qd7 12.Nf3 f5 13.gxf5 Nxf5 14.Rh2 d5 15.Ng5 h6
16.Qg4 hxg5 17.h4 gxh4 18.exf5 Qxf5 19.Qxh4+ Kg8 20.Nb5 Rac8 21.Bd2 Rf6 22.Ra4 Rcf8
23.Qh8+ Kf7 24.Qh4 Qxd3 25.Nxc7 Bb6 26.Qg4 Bxc7 27.Qd7+ Ne7 28.Qxc7 Rg6  0-1

[Event "TCh-TUR Super League 2019"]
[Site "Konya TUR"]
[Date "2019.07.25"]
[Round "9.5"]
[White "Dastan,B"]
[Black "Ivanchuk,V"]
[Result "1/2-1/2"]
[WhiteElo "2565"]
[BlackElo "2684"]

1.e4 c5 2.Nf3 e6 3.d4 cxd4 4.Nxd4 a6 5.Nc3 Qc7 6.Bd3 Nc6 7.Be3 Nf6 8.O-O b5
9.Nxc6 Qxc6 10.a3 Bb7 11.Qe2 Be7 12.f3 Qc7 13.Bd4 O-O 14.e5 Nd5 15.Nxd5 Bxd5
16.a4 Bc4 17.axb5 Bxd3 18.Qxd3 axb5 19.Rxa8 Rxa8 20.Qxb5 Qxc2 21.Bc3 Qa4
22.Qxa4 Rxa4 23.Rd1 Ra7 24.Kf2 f6 25.Ke3 Kf7 26.Kd3 Rb7 27.Kc2 fxe5 28.Bxe5 Bf6
29.Bc3 d5 30.f4 Rc7 31.Kd3 Bxc3 32.bxc3 Kf6 33.g3 Ra7 34.Rd2 h6 35.Rc2 Ra3
36.Rf2 Kf5 37.Re2 Ra4 38.Re5+ Kf6 39.h4 Ra1 40.Re3 Rc1 41.Kd2 Rg1 42.Ke2 Kf5
43.Kf2 Rc1 44.Kf3 g6 45.Re5+ Kf6 46.Re3 Rc2 47.g4 h5 48.gxh5 gxh5 49.Re5 Rxc3+
50.Ke2 d4 51.Kf2 Rc2+ 52.Kf3 Rh2 53.Rxh5 d3 54.Ra5 d2 55.Ra1 Rxh4 56.Rd1 Rh3+
57.Ke2 Rh2+ 58.Kf3 Kf5 59.Kg3 Re2 60.Kf3 Re4 61.Rxd2 Rxf4+ 62.Ke3 Rh4 63.Rf2+ Ke5
64.Rf3 Ra4 65.Ke2 Ra2+  1/2-1/2

[Event "TCh-TUR Super League 2019"]
[Site "Konya TUR"]
[Date "2019.07.26"]
[Round "11.6"]
[White "Sanal,V"]
[Black "Ivanchuk,V"]
[Result "1-0"]
[WhiteElo "2520"]
[BlackElo "2684"]

1.e4 e5 2.Nf3 Nc6 3.Bb5 Nf6 4.d3 d6 5.c3 g6 6.O-O Bg7 7.Nbd2 O-O 8.Re1 Re8
9.d4 exd4 10.cxd4 Bg4 11.d5 a6 12.Ba4 b5 13.dxc6 bxa4 14.Qxa4 Rb8 15.h3 Bxf3
16.Nxf3 Rb6 17.Be3 Rxb2 18.Bd4 Rb8 19.e5 Nd5 20.Rad1 Re6 21.Ba1 Nb6 22.Qxa6 d5
23.Qb5 Qe8 24.Rc1 Qd8 25.Red1 Ra8 26.Rc2 Bf8 27.Rd4 Ra3 28.Qe2 Qe8 29.Rf4 h6
30.Rf6 Rxf6 31.exf6 Qc8 32.Ne5 Ra4 33.Qd3 Re4 34.Re2 Rxe2 35.Qxe2 Qe6 36.Bd4 Nc4
37.Qg4 Qxg4 38.hxg4 Na3 39.Kf1 Bd6 40.Bb2 Kf8 41.Bxa3 Bxa3 42.Ke2 Ke8 43.Nd7 d4
44.Kd3 Bb2 45.a4 Bc3 46.f3 Kd8 47.Ne5 Ke8 48.Nc4 Kd8 49.a5  1-0

[Event "TCh-TUR Super League 2019"]
[Site "Konya TUR"]
[Date "2019.07.27"]
[Round "12.2"]
[White "Ivanchuk,V"]
[Black "Nihal,Sarin"]
[Result "1/2-1/2"]
[WhiteElo "2684"]
[BlackElo "2610"]

1.d4 Nf6 2.c4 e6 3.Nf3 d5 4.e3 b6 5.Bd3 Bb7 6.O-O Nbd7 7.cxd5 exd5 8.b3 a6
9.Qe2 Bd6 10.Ba3 c5 11.Nc3 O-O 12.Rfd1 Qe7 13.Rac1 g6 14.Qb2 Rac8 15.Bf1 Rfe8
16.g3 c4 17.Bxd6 Qxd6 18.a4 Rc7 19.Nd2 cxb3 20.Qxb3 Rec8 21.Rc2 Kg7 22.Rdc1 h5
23.h4 Qe6 24.Bd3 Qd6 25.Qb2 Kg8 26.Ne2 Rxc2 27.Rxc2 Rxc2 28.Qxc2 Qc6 29.Nc3 Ne8
30.f3 Nd6 31.Kf2 Kf8 32.Qb3 Nf6 33.Na2 a5 34.Nc3 Bc8 35.Bb1 Be6 36.Ba2 Kg8
37.Qb2 Nf5 38.Nb5 Nd6 39.Nc3  1/2-1/2

[Event "TCh-ESP Div Honor 2019"]
[Site "Linares ESP"]
[Date "2019.10.01"]
[Round "2.2"]
[White "Iturrizaga,E"]
[Black "Ivanchuk,V"]
[Result "1-0"]
[WhiteElo "2626"]
[BlackElo "2686"]

1.c4 e6 2.Nf3 d5 3.e3 Be7 4.b3 Bf6 5.Nc3 Ne7 6.Ba3 d4 7.Ne4 Nbc6 8.Bd3 a5
9.O-O dxe3 10.Nxf6+ gxf6 11.dxe3 Nb4 12.Ne1 Ra6 13.Qh5 Rd6 14.Be4 c6 15.Nc2 f5
16.Nxb4 fxe4 17.Na6 Ng6 18.Bxd6 Qxd6 19.Rad1 Qe7 20.Nc5 f5 21.Na4 e5 22.f3 O-O
23.fxe4 f4 24.c5 Kh8 25.Rd6 Rg8 26.Nb6 Be6 27.exf4 exf4 28.Qe2 Ne5 29.Rxf4 Qg5
30.Qf2 Bh3 31.g3 h5 32.Nc4 Ng6 33.Qd4+ Kh7 34.Rf7+ Kh6 35.Rxg6+ Kxg6 36.Ne5+  1-0

[Event "TCh-ESP Div Honor 2019"]
[Site "Linares ESP"]
[Date "2019.10.05"]
[Round "6.4"]
[White "Kuzubov,Y"]
[Black "Ivanchuk,V"]
[Result "1-0"]
[WhiteElo "2636"]
[BlackElo "2686"]

1.d4 Nf6 2.c4 e6 3.Nf3 b6 4.g3 Ba6 5.Qc2 Bb4+ 6.Bd2 Be7 7.e4 d5 8.cxd5 Bxf1
9.Kxf1 exd5 10.e5 Ne4 11.Nc3 Nxd2+ 12.Qxd2 Qd7 13.Kg2 Nc6 14.Rad1 O-O 15.Ne1 Bb4
16.Nc2 Bxc3 17.bxc3 Ne7 18.Rhe1 Rac8 19.Qd3 Qf5 20.Nb4 Qe6 21.Qf3 c6 22.h4 Rc7
23.Nd3 Qf5 24.Qe2 h5 25.Nf4 g6 26.e6 f6 27.Rd3 Kg7 28.Qd2 Rh8 29.Nh3 Qg4
30.f3 Qf5 31.Qd1 g5 32.hxg5 Ng6 33.gxf6+ Kxf6 34.Rde3 Rg7 35.Kh2 a5 36.e7 Re8
37.g4 Qd7 38.g5+ Kf7 39.f4 Kg8 40.Qxh5 Rexe7 41.Rxe7 Nxe7 42.Qe2 Qf5 43.Qe6+ Kh7
44.Qxf5+ Nxf5 45.Re5 Kg6 46.Re6+ Kh5 47.Nf2 Rg6 48.Re5 Ng7 49.Re7  1-0

[Event "TCh-CZE Extraliga 2019-20"]
[Site "Czech Republic CZE"]
[Date "2019.10.12"]
[Round "1.4"]
[White "Ivanchuk,V"]
[Black "Azarov,S"]
[Result "1/2-1/2"]
[WhiteElo "2686"]
[BlackElo "2586"]

1.c4 Nf6 2.Nc3 e5 3.Nf3 Nc6 4.g3 Bb4 5.Bg2 O-O 6.O-O Bxc3 7.dxc3 e4 8.Nd4 Re8
9.Bg5 h6 10.Bxf6 Qxf6 11.Nc2 d6 12.Ne3 Bf5 13.f4 Ne7 14.Qc2 b5 15.Bxe4 Bxe4
16.Qxe4 bxc4 17.Qxc4 Nf5 18.Nd5 Qg6 19.Rf2 Ne3 20.Nxe3 Rxe3 21.Qxc7 Qc2 22.Qb7 Rae8
23.Qb3 Qg6 24.Rd1 Rxe2 25.Qd5 Qc2 26.Rd2 Qb1+ 27.Kg2 Re1 28.Kh3 Qg6 29.f5 Qh5+
30.Kg2 Ra1 31.Qf3 Qxf3+ 32.Kxf3 Rxa2 33.Rxd6 Rb8 34.Rdd2 a5 35.Rc2 a4 36.Ke4 Ra1
37.Kd5 Rd1+ 38.Kc4 Rd7 39.Rcd2 Rc7+ 40.Kd3 Rcb7 41.g4 Rb3 42.Kc4 Rc8+ 43.Kd5  1/2-1/2

[Event "TCh-CZE Extraliga 2019-20"]
[Site "Czech Republic CZE"]
[Date "2019.10.13"]
[Round "2.4"]
[White "Gonda,L"]
[Black "Ivanchuk,V"]
[Result "1/2-1/2"]
[WhiteElo "2541"]
[BlackElo "2686"]

1.Nf3 g6 2.g3 Bg7 3.d4 c5 4.c3 Qa5 5.a3 cxd4 6.b4 Qd8 7.cxd4 d5 8.Bg2 e6
9.O-O Ne7 10.Bb2 O-O 11.Nbd2 b6 12.a4 Bb7 13.Qb3 Nd7 14.Rfc1 Rc8 15.b5 Re8
16.e3 Bf8 17.Bf1 Rxc1 18.Rxc1 Nf5 19.Bc3 Qc7 20.a5 bxa5 21.Ra1 a4 22.Rxa4 Ra8  1/2-1/2

[Event "22nd European Teams"]
[Site "Batumi GEO"]
[Date "2019.10.24"]
[Round "1.8"]
[White "Bogner,S"]
[Black "Ivanchuk,V"]
[Result "0-1"]
[WhiteElo "2571"]
[BlackElo "2686"]

1.d4 f5 2.g3 Nf6 3.Bg2 g6 4.Nf3 Bg7 5.O-O O-O 6.b3 d6 7.Bb2 c6 8.c4 Na6 9.Nbd2 Nd7
10.e4 e5 11.a3 f4 12.c5 dxc5 13.dxe5 Nb6 14.Qc2 Qe7 15.gxf4 Rxf4 16.Ne1 Nc7
17.Nd3 Ne6 18.a4 a5 19.Rac1 Bh6 20.Kh1 Rh4 21.f4 Nxf4 22.Nxf4 Bxf4 23.Nf3 Rh5
24.Qxc5 Qxc5 25.Rxc5 Bg4 26.Bc3 Nd7 27.Rxa5 Rxa5 28.Bxa5 Nc5 29.Bd2 Bxd2
30.Nxd2 Rxe5 31.Kg1 Rg5 32.Kf2 Be6 33.Rb1 Nd3+ 34.Kf1 Rc5 35.Bf3 Rc2 36.Ke2 Ne5
37.Bg2 Kf7 38.Ke3 Kf6 39.Rf1+ Ke7 40.b4  0-1

[Event "22nd European Teams"]
[Site "Batumi GEO"]
[Date "2019.10.25"]
[Round "2.6"]
[White "Ivanchuk,V"]
[Black "Lenic,L"]
[Result "1-0"]
[WhiteElo "2686"]
[BlackElo "2644"]

1.e4 e5 2.Nf3 Nc6 3.Bb5 Nf6 4.O-O Nxe4 5.Re1 Nd6 6.Nxe5 Be7 7.Bf1 Nxe5 8.Rxe5 O-O
9.d4 Bf6 10.Re1 Re8 11.Bf4 Rxe1 12.Qxe1 Ne8 13.Nc3 Bxd4 14.Nd5 d6 15.Bg5 f6
16.Be3 Bxb2 17.Rb1 Be5 18.f4 c6 19.Nb4 Bf5 20.fxe5 fxe5 21.Rd1 Qe7 22.c4 Nf6
23.h3 Qe6 24.Qh4 Bg6 25.Be2 Ne4 26.Rc1 Qf6 27.Qe1 Qe6 28.a4 a6 29.a5 Kh8
30.Nd3 Rf8 31.Nf2 Ng3 32.Bg4 Qe7 33.Kh2 Nf5 34.Bxf5 Bxf5 35.Rd1 h6 36.Bc1 Rf6
37.Bb2 c5 38.Rd2 Qf7 39.Qe2 Kg8 40.Bc3 Rg6 41.Ne4 Qe7 42.Qf3 Bd7 43.Qh5 Kh7
44.Rf2 Bc6 45.Ng3 Qe6 46.Qh4 Qe8 47.Nf1 Re6 48.Ne3 Qg6 49.Bd2 Qe4 50.Ng4 Qg6
51.Be3 Be4 52.Bxh6 gxh6 53.Rf6  1-0

[Event "22nd European Teams"]
[Site "Batumi GEO"]
[Date "2019.10.28"]
[Round "5.2"]
[White "Ivanchuk,V"]
[Black "Adams,Mi"]
[Result "1/2-1/2"]
[WhiteElo "2686"]
[BlackElo "2694"]

1.d4 Nf6 2.c4 e6 3.g3 d5 4.Bg2 dxc4 5.Nf3 c5 6.O-O Nc6 7.dxc5 Qxd1 8.Rxd1 Bxc5
9.Nfd2 Na5 10.Na3 Bxa3 11.bxa3 O-O 12.Ne4 Nd5 13.Bd2 Nc6 14.Rac1 b6 15.Rxc4 Nce7
16.Rcc1 Ba6 17.e3 Be2 18.Re1 Bd3 19.f4 Bxe4 20.Bxe4 Rfd8 21.Bf3 f5 22.e4 fxe4
23.Rxe4 Kf7 24.Rec4 Rd7 25.a4 Rad8 26.a5 Nf5 27.axb6 axb6 28.Kf2 Nd6 29.Rd4 Ra7
30.Rc2 b5 31.Be1 Nf5 32.Rd3 Nb4 33.Rxd8 Nxc2 34.Ra8 Rxa8 35.Bxa8 Nxe1 36.Kxe1 Ke7
37.Be4 Kd6  1/2-1/2

[Event "22nd European Teams"]
[Site "Batumi GEO"]
[Date "2019.11.01"]
[Round "8.2"]
[White "Ivanchuk,V"]
[Black "Nisipeanu,LD"]
[Result "1/2-1/2"]
[WhiteElo "2686"]
[BlackElo "2656"]

1.c4 e6 2.Nc3 d5 3.d4 c6 4.Nf3 Nf6 5.e3 a6 6.Bd2 c5 7.cxd5 exd5 8.g3 Bd6
9.Bg2 O-O 10.O-O Nc6 11.dxc5 Bxc5 12.Rc1 Qe7 13.Qb3 Be6 14.Ng5 Rad8 15.Nxe6 fxe6
16.Ne2 Kh8 17.Rfd1 Ng4 18.Be1 d4 19.exd4 Nxd4 20.Nxd4 Bxd4 21.Bf3 Ne5 22.Be4 Qf6
23.Kg2 b5 24.Rc2 Nc4 25.Re2 Bxb2 26.Rxd8 Rxd8 27.a4 Bd4 28.axb5 axb5 29.Bb4 e5
30.Ra2 g6 31.h4 Kg7 32.Qf3 Qxf3+ 33.Kxf3 Rc8 34.Ra8 Rxa8 35.Bxa8 Nb2 36.Be4 Nd1
37.Be1 Bc3 38.Bc2 Bxe1 39.Bxd1 Kf6 40.Bb3 b4 41.Ke2 Bc3 42.f3 h5 43.Bc2 g5
44.hxg5+ Kxg5 45.Kf1 h4  1/2-1/2

[Event "22nd European Teams"]
[Site "Batumi GEO"]
[Date "2019.11.02"]
[Round "9.1"]
[White "Ivanchuk,V"]
[Black "Saric,Iv"]
[Result "1/2-1/2"]
[WhiteElo "2686"]
[BlackElo "2667"]

1.d4 Nf6 2.c4 g6 3.g3 Bg7 4.Bg2 d5 5.Nf3 dxc4 6.Na3 O-O 7.O-O Nc6 8.Nxc4 a5
9.e3 Be6 10.Qe2 a4 11.Bd2 Bd5 12.Rfc1 Qc8 13.Be1 Rd8 14.a3 h6 15.Rc2 Qe6
16.Rac1 Be4 17.Rd2 Bd5 18.Rdd1 Ne4 19.Qf1 Ng5 20.Nxg5 hxg5 21.h3 g4 22.hxg4 Qxg4
23.Nd2 e5 24.e4 Ba2 25.d5 Nd4 26.f3 Qd7 27.Bf2 c6 28.Bxd4 exd4 29.Ra1 Bb3
30.Nxb3 axb3 31.f4 cxd5 32.e5 Qg4 33.Rd3 Bf8 34.Bh3 Qh5 35.Kg2 Rac8 36.Bxc8 Rxc8
37.Rad1 Rc2+ 38.R1d2 Bc5 39.Qf3 Qf5 40.Re2 Qe4 41.Rdd2 d3 42.Rxe4 Rxd2+ 43.Kh3 dxe4
44.Qxe4 Bg1 45.Kg4 Bf2 46.f5 gxf5+ 47.Kxf5 Bc5 48.Kg4 Rxb2 49.Qxd3 Bxa3 50.e6 Rf2
51.Qd8+ Kg7 52.e7 Bxe7 53.Qxe7 b2 54.Qxb7 Re2 55.Kf3 Rd2 56.Qb6 Kg8 57.g4 Rc2
58.g5 Rc6 59.Qxb2 Re6 60.Kf4 Kh7 61.Kf5 Kg8 62.Qd4 Kh7 63.Qd8 Kg7 64.Qb8 Rg6
65.Qc8 Re6 66.Qd8 Rg6 67.Ke5 Re6+ 68.Kd5 Rg6 69.Qe7 Re6 70.Qb4 Kg8 71.Qb2 Kh7
72.Qb8 Kg7 73.Qd8 Rg6 74.Ke5 Re6+ 75.Kf5 Rg6 76.Qa8 Re6 77.Qa1+ Kh7 78.Qd1 Kg7
79.Qh5 Rd6 80.Qe2 Re6 81.Qd2 Kg8  1/2-1/2

[Event "Tournament of Peace 2019"]
[Site "Zagreb CRO"]
[Date "2019.11.19"]
[Round "1.4"]
[White "Ivanchuk,V"]
[Black "Bacrot,E"]
[Result "1/2-1/2"]
[WhiteElo "2679"]
[BlackElo "2669"]

1.d4 d5 2.c4 e6 3.Nc3 Be7 4.Qc2 Nf6 5.cxd5 Nxd5 6.Nf3 O-O 7.g3 Nc6 8.Bg2 Ndb4
9.Qb3 Nxd4 10.Nxd4 Qxd4 11.Be3 Qe5 12.a3 Na6 13.O-O c6 14.Rfd1 Qf5 15.Ne4 e5
16.Nd6 Bxd6 17.Rxd6 Nc7 18.Rad1 Nb5 19.R6d3 a5 20.Rd8 Be6 21.Rxf8+ Rxf8 22.Qa4 Nd4
23.Bxd4 exd4 24.Qxd4 Qc2 25.Rd2  1/2-1/2

[Event "Tournament of Peace 2019"]
[Site "Zagreb CRO"]
[Date "2019.11.20"]
[Round "2.4"]
[White "Ragger,M"]
[Black "Ivanchuk,V"]
[Result "1/2-1/2"]
[WhiteElo "2669"]
[BlackElo "2679"]

1.e4 c5 2.Nf3 d6 3.d4 cxd4 4.Nxd4 Nf6 5.Nc3 a6 6.Be3 e6 7.Be2 Nc6 8.g4 d5
9.exd5 Nxd5 10.Nxd5 Qxd5 11.Bf3 Qa5+ 12.Qd2 Qxd2+ 13.Kxd2 Ne5 14.Be2 b6 15.f4 Nd7
16.Bf3 Ra7 17.Rad1 Rc7 18.Rhe1 Bc5 19.Nf5 g6 20.Bxc5 Nxc5 21.Nd6+ Ke7 22.Kc1 Rd8
23.Nc4 Rxd1+ 24.Rxd1 b5 25.Ne5 Bb7 26.Bxb7 Nxb7 27.g5 Nc5 28.b3 f6 29.Ng4 fxg5
30.fxg5 Ne4 31.h4 Nc3 32.Rd2 Nxa2+ 33.Kb2 Nc3 34.Nf6 h5 35.Ng8+ Kf7 36.Nf6 Ke7
37.Ng8+ Kf7 38.Nf6  1/2-1/2

[Event "Tournament of Peace 2019"]
[Site "Zagreb CRO"]
[Date "2019.11.22"]
[Round "4.5"]
[White "Kozul,Z"]
[Black "Ivanchuk,V"]
[Result "1/2-1/2"]
[WhiteElo "2593"]
[BlackElo "2679"]

1.d4 e6 2.c4 Nf6 3.g3 Bb4+ 4.Bd2 Be7 5.Bg2 d5 6.Nf3 c6 7.O-O Nbd7 8.Qc2 b6
9.cxd5 cxd5 10.Nc3 Bb7 11.Rfd1 Rc8 12.Qb3 O-O 13.a4 a6 14.a5 b5 15.Na2 Nb8
16.Bb4 Nc6 17.Bxe7 Qxe7 18.Nc1 Rc7 19.Nd3 Rfc8 20.e3 Nd7 21.Rdb1 g6 22.Qd1 e5
23.dxe5 Ncxe5 24.Nfxe5 Nxe5 25.Nf4 d4 26.exd4 Bxg2 27.Kxg2 Rd8 28.d5 g5 29.Nh5 Rcd7
30.Qe2 Rxd5 31.Rd1 Qd6 32.Rxd5 Qxd5+ 33.f3 Qd2 34.Re1 Kf8 35.Nf6 h6 36.Ne4 Qxa5
37.Qe3 Qb4 38.Re2 Ng6 39.Qb6 Re8 40.Qxa6 Re6 41.Qc8+ Kg7 42.Qc2 Qc4 43.b3  1/2-1/2

[Event "Tournament of Peace 2019"]
[Site "Zagreb CRO"]
[Date "2019.11.24"]
[Round "6.6"]
[White "Dreev,A"]
[Black "Ivanchuk,V"]
[Result "1/2-1/2"]
[WhiteElo "2671"]
[BlackElo "2679"]

1.d4 g6 2.Nf3 Bg7 3.g3 c5 4.Bg2 cxd4 5.Nxd4 Nc6 6.Nxc6 bxc6 7.O-O Rb8 8.c3 Nf6
9.e4 O-O 10.e5 Nd5 11.Re1 d6 12.exd6 Qxd6 13.Qa4 Bf5 14.Na3 Qc5 15.Nc4 Rfd8
16.Ne3 Be6 17.Qa6 Rd6 18.Nc4 Bc8 19.Qa4 Re6 20.Rxe6 Bxe6 21.Bf1 h5 22.Qa5 Rb5
23.Qd8+ Kh7 24.a4 Rb7 25.Qa5 Qxa5  1/2-1/2

[Event "Tournament of Peace 2019"]
[Site "Zagreb CRO"]
[Date "2019.11.26"]
[Round "7.1"]
[White "Ivanchuk,V"]
[Black "Bosiocic,Mari"]
[Result "1/2-1/2"]
[WhiteElo "2679"]
[BlackElo "2598"]

1.c4 e5 2.Nc3 Bb4 3.Nd5 a5 4.a3 Bc5 5.e3 Nf6 6.d4 Nxd5 7.cxd5 exd4 8.exd4 Bb6
9.Bd3 Qe7+ 10.Ne2 O-O 11.O-O d6 12.Nc3 Qh4 13.Be3 Nd7 14.Ne4 h6 15.f3 Qd8
16.Qd2 Nf6 17.Nc3 Re8 18.Kh1 Qe7 19.Bf2 Bd7 20.Rac1 a4 21.Bc2 Ra5 22.Qd3 Qf8
23.Qc4 Re7 24.Rfe1 Rxe1+ 25.Rxe1 Qa8 26.Qe2 Qc8 27.Qe3 Qf8 28.Qd3 g6 29.Qc4 Qa8
30.Bd3 Kg7 31.Bf1 Bf5 32.Rc1 Bd7 33.h3 Nh5 34.Re1 Qd8 35.g3 Qg5 36.f4 Qd8
37.Kh2 Nf6 38.Bg2 h5 39.Re2 Qa8 40.Rd2 Qa6 41.Bf1 Qxc4 42.Bxc4 Ra8 43.Re2 Kf8
44.Kg2 Ba5 45.Be1 Bxc3 46.bxc3 b5 47.Bd3 Nxd5 48.c4 bxc4 49.Bxc4 Nb6 50.Bd3 Re8
51.Ba5 Nd5 52.Rxe8+ Kxe8 53.h4 Kd8 54.Kf3 Ne7 55.Ke3 Be6 56.Bc2 Bb3 57.Bd3 Kd7
58.Be4 Kc8 59.Kd2 Kd7 60.Ke3 f5 61.Bf3 c6 62.Kd2 Ng8 63.Kd3 Nf6 64.Ke3 Bc4
65.Bd1 Bb5 66.Bf3 Kc8 67.Bb4 Kc7 68.Ba5+ Kb7 69.Bd8 Ne8 70.Ba5 Ka6 71.Bd8 Kb7
72.Ba5 Nf6 73.Bd8 Nd7 74.Ba5 Bc4 75.Bb4 Bd5 76.Bxd5 cxd5 77.Bxd6 Nf6 78.Bb4 Ne4
79.Be1 Kc6 80.Ke2 Kb5 81.Kd3 Nd6 82.Bd2 Nc4 83.Bb4 Nb2+ 84.Kc2 Nc4 85.Kd3 Nb2+
86.Kc2 Nc4  1/2-1/2

[Event "Tournament of Peace 2019"]
[Site "Zagreb CRO"]
[Date "2019.11.28"]
[Round "9.2"]
[White "Stevic,H"]
[Black "Ivanchuk,V"]
[Result "1/2-1/2"]
[WhiteElo "2563"]
[BlackElo "2679"]

1.e4 c5 2.c3 d5 3.exd5 Qxd5 4.d4 Nf6 5.Nf3 Nc6 6.Be2 Bg4 7.h3 Bh5 8.c4 Qd6
9.d5 Bxf3 10.Bxf3 Nd4 11.O-O g6 12.Be3 Nf5 13.Re1 Nxe3 14.Rxe3 Bh6 15.Re2 O-O
16.Nc3 a6 17.Qb3 Rab8 18.Rae1 Rfe8 19.a4 b6  1/2-1/2

[Event "Tournament of Peace 2019"]
[Site "Zagreb CRO"]
[Date "2019.11.29"]
[Round "10.5"]
[White "Ivanchuk,V"]
[Black "Palac,M"]
[Result "1-0"]
[WhiteElo "2679"]
[BlackElo "2550"]

1.e4 c5 2.Nf3 d6 3.d4 cxd4 4.Nxd4 Nf6 5.Nc3 a6 6.Bg5 e6 7.f4 Qb6 8.Nb3 Be7
9.Qd2 Nbd7 10.O-O-O Qc7 11.g3 b5 12.Bg2 Bb7 13.Rhe1 b4 14.Na4 Rc8 15.Re2 h6
16.Bxf6 Nxf6 17.Qxb4 Bxe4 18.Bxe4 d5 19.Qd4 Nxe4 20.Nb6 Rd8 21.Nxd5 exd5
22.Qxg7 Rf8 23.Qxh6 Rd6 24.Qh5 Qd7 25.Nd4 Kd8 26.Nf5 Nf6 27.Qh3 Re6 28.Red2 Re4
29.g4 Rxf4 30.Qe3 Rxg4 31.Nxe7 Re4 32.Nxd5 Rxe3 33.Nxe3 Kc7 34.Rxd7+ Nxd7
35.h4 Rh8 36.Nd5+ Kc8 37.Rd4 Ne5 38.Re4  1-0

[Event "Sunway Sitges Open 2019"]
[Site "Sitges ESP"]
[Date "2019.12.22"]
[Round "10.5"]
[White "Wagner,De"]
[Black "Ivanchuk,V"]
[Result "1/2-1/2"]
[WhiteElo "2578"]
[BlackElo "2690"]

1.d4 Nf6 2.c4 e6 3.Nf3 b6 4.g3 Bb7 5.Bg2 Bb4+ 6.Bd2 Bxd2+ 7.Qxd2 O-O 8.O-O d6
9.Qf4 Nh5 10.Qe3 Nd7 11.Nc3 Nhf6 12.Qf4 Nh5 13.Qe3 Nhf6 14.Qf4 Nh5  1/2-1/2